[Event "Warsaw Szansa blitz op"]
[Site "Warsaw"]
[Date "2023.09.16"]
[Round "1"]
[White "Kotowicz, Kamil"]
[Black "Janik, Igor"]
[Result "0-1"]
[WhiteElo "1717"]
[BlackElo "2517"]
[PlyCount "44"]
[EventDate "2023.09.16"]
[EventType "swiss (blitz)"]
[EventRounds "13"]
[EventCountry "POL"]
[SourceTitle "EXT 2024"]
[Source "ChessBase"]
[SourceDate "2023.10.10"]
[SourceVersion "1"]
[SourceVersionDate "2023.10.10"]
[SourceQuality "1"]

1. d4 Nf6 2. c4 e6 3. Nf3 b6 4. Bg5 Bb7 5. e3 h6 6. Bxf6 Qxf6 7. Nc3 g5 8. Ne5 d6 9. Nd3 Bg7 10. f3 Qe7 11. Be2 Nd7 12. Qd2 f5 13. 0-0-0 a6 14. Kb1 Nf6 15. Nf2 e5 16. d5 e4 17. fxe4 fxe4 18. h4 0-0-0 19. Nh3 Nd7 20. Bg4 Kb8 21. Bxd7 Rxd7 22. Rdf1 Rdd8 0-1

[Event "Katowice POL-HUN 10th"]
[Site "Katowice"]
[Date "2023.09.09"]
[Round "4"]
[White "Pasti, Aron"]
[Black "Kotowicz, Kamil"]
[Result "1-0"]
[WhiteElo "2372"]
[BlackElo "1717"]
[PlyCount "47"]
[EventDate "2023.09.09"]
[EventType "swiss (rapid)"]
[EventRounds "9"]
[EventCountry "POL"]
[SourceTitle "EXT 2024"]
[Source "ChessBase"]
[SourceDate "2023.10.10"]
[SourceVersion "1"]
[SourceVersionDate "2023.10.10"]
[SourceQuality "1"]

1. e4 e6 2. d4 d5 3. Nc3 dxe4 4. Nxe4 Nd7 5. Nf3 Ngf6 6. Nxf6+ Nxf6 7. Bb5+ c6 8. Bd3 Be7 9. Qe2 0-0 10. Bf4 b6 11. 0-0-0 Nd5 12. Bd2 Bb7 13. h4 c5 14. c4 Nf6 15. Bc3 Qc7 16. Kb1 Rfd8 17. dxc5 bxc5 18. Ne5 Bd6 19. h5 Bxe5 20. Bxe5 Qe7 21. h6 Rxd3 22. Rxd3 Be4 23. hxg7 Qd7 24. Qxe4 1-0

[Event "Warsaw Najdorf Memorial op-B"]
[Site "Warsaw"]
[Date "2023.07.19"]
[Round "9"]
[White "Kaminski, Maciej1111"]
[Black "Kotowicz, Kamil"]
[Result "1/2-1/2"]
[WhiteElo "1917"]
[BlackElo "1704"]
[PlyCount "108"]
[EventDate "2023.07.11"]
[EventType "swiss"]
[EventRounds "9"]
[EventCountry "POL"]
[SourceTitle "EXT 2024"]
[Source "ChessBase"]
[SourceDate "2023.10.10"]
[SourceVersion "1"]
[SourceVersionDate "2023.10.10"]
[SourceQuality "1"]

1. e4 c5 2. Nf3 e6 3. d4 cxd4 4. Nxd4 a6 5. Be2 Bc5 6. 0-0 d6 7. Nb3 Ba7 8. Qd3 Nc6 9. Qg3 Nf6 10. Nc3 b5 11. Rd1 b4 12. Rxd6 Bd7 13. e5 Nxe5 14. Qxe5 bxc3 15. Bf3 Rc8 16. Rxa6 Bb8 17. Qe2 0-0 18. bxc3 Qc7 19. g3 Qxc3 20. Ba3 Rfe8 21. Rc1 e5 22. Ra5 e4 23. Bg2 Be6 24. Qd2 Qxd2 25. Nxd2 Bd5 26. c4 e3 27. fxe3 Bxg2 28. Kxg2 Rxe3 29. Nf1 Re2+ 30. Kf3 Rxa2 31. Ra8 g5 32. Ne3 h5 33. h3 g4+ 34. hxg4 hxg4+ 35. Nxg4 Nxg4 36. Kxg4 Kh7 37. Kf3 f5 38. Rh1+ Kg6 39. Rb1 Rxc4 40. Rb6+ Kh5 41. Rbxb8 Rc3+ 42. Kf4 Raxa3 43. Rh8+ Kg6 44. Rhg8+ Kf7 45. Rxa3 Rxa3 46. Rg5 Ke6 47. Rg6+ Kf7 48. Rb6 Rc3 49. Rb5 Kg6 50. Rb6+ Kf7 51. Rh6 Ra3 52. Rh5 Ke6 53. Rxf5 Rxg3 54. Kxg3 Kxf5 1/2-1/2

[Event "Warsaw Najdorf Memorial op-B"]
[Site "Warsaw"]
[Date "2023.07.12"]
[Round "2"]
[White "Lukasiewicz, Anna"]
[Black "Kotowicz, Kamil"]
[Result "1/2-1/2"]
[WhiteElo "1839"]
[BlackElo "1704"]
[PlyCount "59"]
[EventDate "2023.07.11"]
[EventType "swiss"]
[EventRounds "9"]
[EventCountry "POL"]
[SourceTitle "EXT 2024"]
[Source "ChessBase"]
[SourceDate "2023.10.10"]
[SourceVersion "1"]
[SourceVersionDate "2023.10.10"]
[SourceQuality "1"]

1. e4 e6 2. d4 d5 3. Nd2 dxe4 4. Nxe4 b6 5. Nf3 Bb7 6. Bb5+ c6 7. Bd3 Nd7 8. 0-0 Ngf6 9. Nxf6+ Nxf6 10. c3 Be7 11. Qe2 0-0 12. Bg5 Qc7 13. Ne5 c5 14. dxc5 bxc5 15. Rfe1 Rad8 16. Rad1 Rd5 17. Bf4 Bd6 18. Bc4 Rxd1 19. Rxd1 Bd5 20. Bxd5 exd5 21. Bg3 Re8 22. f4 Qb7 23. b3 Bxe5 24. fxe5 Ne4 25. Qf3 Nxg3 26. Qxg3 Qd7 27. Qe3 Rc8 28. h3 Qe6 29. Qf3 Rd8 30. Qf2 1/2-1/2

[Event "Warsaw Maciei Memorial"]
[Site "Warsaw"]
[Date "2023.07.10"]
[Round "7"]
[White "Kotowicz, Kamil"]
[Black "Kubicka, Anna"]
[Result "1-0"]
[WhiteElo "1704"]
[BlackElo "2240"]
[PlyCount "105"]
[EventDate "2023.07.10"]
[EventType "swiss (blitz)"]
[EventRounds "11"]
[EventCountry "POL"]
[SourceTitle "CBM 215 Extra"]
[Source "ChessBase"]
[SourceDate "2023.09.30"]
[SourceVersion "1"]
[SourceVersionDate "2023.09.30"]
[SourceQuality "1"]

1. d4 Nf6 2. c4 c5 3. d5 e6 4. Nc3 exd5 5. cxd5 d6 6. e4 g6 7. Be2 Bg7 8. Nf3 a6 9. a4 0-0 10. Nd2 Nbd7 11. Nc4 Nb6 12. 0-0 Re8 13. Qc2 Nxc4 14. Bxc4 b6 15. h3 Nh5 16. Bd2 Qh4 17. Be2 Bd4 18. Bxh5 Qxh5 19. Bf4 Be5 20. Bxe5 Qxe5 21. Rae1 f5 22. f4 Qd4+ 23. Qf2 Qxf2+ 24. Kxf2 fxe4 25. Nxe4 Bb7 26. Nf6+ Kf7 27. Nxe8 Rxe8 28. Rxe8 Kxe8 29. Rd1 Bc8 30. g4 Bd7 31. b3 Kf7 32. Kf3 b5 33. axb5 axb5 34. Ra1 c4 35. bxc4 bxc4 36. Rc1 Bb5 37. Ke4 h6 38. Kd4 Kf6 39. Rb1 Bd7 40. Rb6 Ke7 41. Kxc4 h5 42. gxh5 gxh5 43. h4 Bg4 44. Kd4 Bf5 45. Rb7+ Kf6 46. Ra7 Bg4 47. Ke3 Bh3 48. Rc7 Bg2 49. Kd4 Bf3 50. Rd7 Kf5 51. Rxd6 Bg4 52. Rh6 Kxf4 53. d6 1-0

[Event "Warsaw Maciei Memorial"]
[Site "Warsaw"]
[Date "2023.07.10"]
[Round "9"]
[White "Kotowicz, Kamil"]
[Black "Orzech, Dominik"]
[Result "0-1"]
[WhiteElo "1704"]
[BlackElo "2273"]
[PlyCount "78"]
[EventDate "2023.07.10"]
[EventType "swiss (blitz)"]
[EventRounds "11"]
[EventCountry "POL"]
[SourceTitle "CBM 215 Extra"]
[Source "ChessBase"]
[SourceDate "2023.09.30"]
[SourceVersion "1"]
[SourceVersionDate "2023.09.30"]
[SourceQuality "1"]

1. d4 Nf6 2. c4 c5 3. d5 e6 4. Nc3 exd5 5. cxd5 d6 6. e4 g6 7. Be2 Bg7 8. Nf3 0-0 9. Nd2 a6 10. a4 Re8 11. f3 Nbd7 12. a5 Ne5 13. 0-0 Rb8 14. Nc4 Nxc4 15. Bxc4 Nd7 16. Qc2 b5 17. axb6 Rxb6 18. Bf4 Ne5 19. Bxe5 Bxe5 20. Qe2 Qh4 21. g3 Qh3 22. Rfb1 h5 23. Qg2 Qd7 24. Qe2 Qb7 25. Bd3 Kg7 26. Kg2 h4 27. f4 Bd4 28. g4 h3+ 29. Kxh3 f5 30. Kg3 fxg4 31. Qd2 Rh8 32. Kg2 Rh3 33. Ne2 Bxb2 34. Ra2 Bf6 35. Rxb6 Qxb6 36. Ng1 Rh8 37. Qa5 Qb3 38. Qa3 Qd1 39. Qb2 Bxb2 0-1

[Event "POL-ch U18"]
[Site "Jastrzebia Gora"]
[Date "2023.??.??"]
[Round "2"]
[White "Paprocki, Antoni"]
[Black "Kotowicz, Kamil"]
[Result "0-1"]
[WhiteElo "2255"]
[BlackElo "1828"]
[PlyCount "62"]
[EventDate "2023.03.11"]
[EventType "swiss"]
[EventRounds "9"]
[EventCountry "POL"]
[SourceTitle "CBM 213 Extra"]
[Source "ChessBase"]
[SourceDate "2023.05.31"]
[SourceVersion "1"]
[SourceVersionDate "2023.05.31"]
[SourceQuality "1"]

1. d4 Nf6 2. c4 e6 3. g3 Bb4+ 4. Nd2 c5 5. a3 Bxd2+ 6. Qxd2 cxd4 7. Nf3 Nc6 8. Nxd4 0-0 9. Bg2 d5 10. b4 Ne5 11. cxd5 exd5 12. 0-0 Re8 13. Qc2 Be6 14. Bg5 Rc8 15. Qb3 h6 16. Bxf6 Qxf6 17. Rac1 a6 18. e3 Rc4 19. Rcd1 Rec8 20. f4 Ng4 21. f5 Bd7 22. Ne2 Rc2 23. Nd4 R2c3 24. Qxd5 Ba4 25. Ne2 Bxd1 26. Nxc3 Qxc3 27. Rxd1 Qxe3+ 28. Kh1 Nf2+ 29. Kg1 Nh3+ 30. Kh1 Qg1+ 31. Rxg1 Nf2# 0-1

[Event "Warsaw Najdorf Memorial op-A"]
[Site "Warsaw"]
[Date "2022.07.15"]
[Round "7"]
[White "Kotowicz, Kamil"]
[Black "Murchadha, Oissine"]
[Result "1/2-1/2"]
[WhiteElo "1770"]
[BlackElo "1984"]
[PlyCount "77"]
[EventDate "2022.07.09"]
[EventType "swiss"]
[EventRounds "9"]
[EventCountry "POL"]
[SourceTitle "CBM 209 Extra"]
[Source "ChessBase"]
[SourceDate "2022.09.30"]
[SourceVersion "1"]
[SourceVersionDate "2022.09.30"]
[SourceQuality "1"]

1. d4 d5 2. Nf3 Nf6 3. c4 e6 4. Nc3 Be7 5. Bf4 0-0 6. e3 Nbd7 7. Bd3 dxc4 8. Bxc4 a6 9. a4 Nb6 10. Bd3 Nbd5 11. Bg3 c5 12. 0-0 cxd4 13. Nxd4 Nxc3 14. bxc3 Nd5 15. Qc2 Qa5 16. Rfc1 g6 17. e4 Nb6 18. Nb3 Qh5 19. Be2 Qh6 20. Rd1 Qg7 21. Na5 Bf6 22. Rab1 Nd7 23. Nxb7 Bxb7 24. Rxb7 Nc5 25. Rc7 Rfc8 26. Rxc8+ Rxc8 27. c4 Bd4 28. Rb1 e5 29. Bg4 Re8 30. h3 Qf6 31. a5 Qc6 32. Bf3 Nd7 33. Bh4 Qc7 34. Qa4 Rf8 35. Be7 Re8 36. Ba3 Rd8 37. Be7 Re8 38. Ba3 Rd8 39. Be7 1/2-1/2

[Event "POL-ch U16"]
[Site "Sypniewo"]
[Date "2022.03.25"]
[Round "7"]
[White "Kotowicz, Kamil"]
[Black "Biesiadecki, Adam"]
[Result "1-0"]
[WhiteElo "1764"]
[BlackElo "1916"]
[PlyCount "97"]
[EventDate "2022.03.19"]
[EventType "swiss"]
[EventRounds "9"]
[EventCountry "POL"]
[SourceTitle "CBM 207 Extra"]
[Source "ChessBase"]
[SourceDate "2022.05.31"]
[SourceVersion "1"]
[SourceVersionDate "2022.05.31"]
[SourceQuality "1"]

1. d4 Nf6 2. Nf3 c5 3. d5 e6 4. c4 b5 5. Bf4 bxc4 6. Nc3 Bb7 7. e4 Qa5 8. Bd2 Qb6 9. Bxc4 Ba6 10. b3 Be7 11. e5 Nxd5 12. Bxd5 exd5 13. Nxd5 Qd8 14. Bf4 0-0 15. e6 d6 16. Nxe7+ Qxe7 17. Qxd6 Qxe6+ 18. Qxe6 fxe6 19. Bd6 Rc8 20. Rc1 Nd7 21. Nd2 Rc6 22. Bf4 Rf8 23. Bg3 Rd8 24. a4 Rdc8 25. Nc4 Bxc4 26. Rxc4 Nb6 27. Rc1 c4 28. a5 cxb3 29. Rxc6 Rxc6 30. axb6 Rxb6 31. Kd2 a5 32. Kc3 a4 33. Kb2 Rc6 34. Ka3 Rc4 35. Rb1 Kf7 36. Bd6 Kf6 37. Bb4 Rc2 38. Rb2 Rxb2 39. Bc3+ Kf5 40. Bxb2 g5 41. Kxa4 Ke4 42. Kxb3 Kd3 43. g3 g4 44. Kb4 Ke2 45. Bd4 Kf3 46. Kc5 Kg2 47. Kd6 Kxh2 48. Kxe6 h5 49. Kf5 1-0

[Event "Poronin Tatra Limba op"]
[Site "Poronin"]
[Date "2022.01.10"]
[Round "8"]
[White "Kotowicz, Kamil"]
[Black "Gepfert, Cyprian"]
[Result "1-0"]
[WhiteElo "1732"]
[BlackElo "1743"]
[PlyCount "87"]
[EventDate "2022.01.06"]
[EventType "swiss"]
[EventRounds "9"]
[EventCountry "POL"]
[SourceTitle "CBM 206 Extra"]
[Source "ChessBase"]
[SourceDate "2022.03.31"]
[SourceVersion "1"]
[SourceVersionDate "2022.03.31"]
[SourceQuality "1"]

1. d4 Nf6 2. c4 g6 3. Nc3 d5 4. cxd5 Nxd5 5. Bd2 Bg7 6. e4 Nxc3 7. Bxc3 c5 8. d5 Bxc3+ 9. bxc3 Qd6 10. Qd2 Qe5 11. Bd3 e6 12. f4 Qd6 13. c4 e5 14. Qb2 f6 15. fxe5 Qxe5 16. Qxe5+ fxe5 17. Nf3 Nd7 18. 0-0 h6 19. Nh4 Rg8 20. Rf2 Rb8 21. Raf1 Rg7 22. Be2 Ke7 23. Rf3 b5 24. Rg3 Nf8 25. cxb5 Rb6 26. a4 Rf7 27. Rxf7+ Kxf7 28. Rc3 g5 29. Rxc5 Bd7 30. Bh5+ Kf6 31. Nf3 a6 32. bxa6 Rxa6 33. a5 g4 34. Nd2 Kg5 35. Bf7 Rf6 36. Bg8 Kf4 37. Kf2 g3+ 38. hxg3+ Kg4+ 39. Nf3 Ba4 40. Rc7 Bd7 41. Rxd7 Nxd7 42. Be6+ Kh5 43. Bxd7 Rd6 44. Bc6 1-0

[Event "Poronin Tatra Limba op"]
[Site "Poronin"]
[Date "2022.01.07"]
[Round "3"]
[White "Kotowicz, Kamil"]
[Black "Starosciak, Szymon"]
[Result "1/2-1/2"]
[WhiteElo "1732"]
[BlackElo "1986"]
[PlyCount "109"]
[EventDate "2022.01.06"]
[EventType "swiss"]
[EventRounds "9"]
[EventCountry "POL"]
[SourceTitle "CBM 206 Extra"]
[Source "ChessBase"]
[SourceDate "2022.03.31"]
[SourceVersion "1"]
[SourceVersionDate "2022.03.31"]
[SourceQuality "1"]

1. d4 d5 2. g3 Nf6 3. Bg2 e6 4. Nf3 Be7 5. 0-0 0-0 6. c4 dxc4 7. Qa4 a6 8. Qxc4 b5 9. Qc2 Bb7 10. Bf4 Nd5 11. e4 Nxf4 12. gxf4 Nd7 13. Rd1 f5 14. Qb3 Kh8 15. Nc3 fxe4 16. Ne5 Rxf4 17. Qxe6 Nxe5 18. dxe5 Qf8 19. Nd5 Bxd5 20. Qxd5 Rg4 21. h3 c6 22. Qb3 Rg6 23. Kh1 Qxf2 24. Bxe4 Rg3 25. Rf1 Rxb3 26. Rxf2 Rxh3+ 27. Kg2 Rh6 28. Rf7 Re6 29. Bxc6 Rc8 30. Bd7 Rc2+ 31. Kf3 Rxe5 32. Rd1 h6 33. Bf5 Rxf5+ 34. Rxf5 Rxb2 35. Rf7 Bf6 36. a3 Rb3+ 37. Kg4 Kh7 38. Rd6 Kg6 39. Ra7 Rxa3 40. Rdxa6 Rb3 41. Rb7 h5+ 42. Kf4 h4 43. Rb8 b4 44. Rh8 Rd3 45. Rb6 b3 46. Ke4 Rg3 47. Rxh4 b2 48. Rh2 Rg1 49. Rhxb2 Re1+ 50. Kf3 Re5 51. Rg2+ Kh7 52. Rg4 Ra5 53. Rb3 Ra1 54. Rd3 Ra5 55. Rb3 1/2-1/2

[Event "Poronin Tatra Limba op"]
[Site "Poronin"]
[Date "2022.01.06"]
[Round "2"]
[White "Golis, Wiktor"]
[Black "Kotowicz, Kamil"]
[Result "0-1"]
[WhiteElo "1659"]
[BlackElo "1732"]
[PlyCount "92"]
[EventDate "2022.01.06"]
[EventType "swiss"]
[EventRounds "9"]
[EventCountry "POL"]
[SourceTitle "CBM 206 Extra"]
[Source "ChessBase"]
[SourceDate "2022.03.31"]
[SourceVersion "1"]
[SourceVersionDate "2022.03.31"]
[SourceQuality "1"]

1. e4 e6 2. d4 d5 3. Nd2 dxe4 4. Nxe4 b6 5. Nf3 Bb7 6. Bd3 Nd7 7. 0-0 Ngf6 8. Qe2 Be7 9. b3 0-0 10. Bb2 Nd5 11. c4 Nf4 12. Qe3 Nxd3 13. Qxd3 Nf6 14. Nxf6+ Bxf6 15. Rad1 c6 16. Rfe1 Qc7 17. Ba3 Rfe8 18. c5 Rad8 19. Qc4 Rd5 20. b4 Red8 21. Bc1 e5 22. Re4 Qd7 23. Rde1 exd4 24. Bf4 h6 25. Bd6 d3 26. Nd2 bxc5 27. bxc5 Qc8 28. h3 Ba6 29. Qb4 Qb7 30. Re8+ Rxe8 31. Rxe8+ Kh7 32. Qe4+ g6 33. Be7 Bg7 34. Bf8 Rd7 35. Bxg7 Kxg7 36. Qe5+ f6 37. Qe6 Rf7 38. Qe3 Qd7 39. g4 Qd5 40. Ra8 Qe5 41. Nf3 Qxe3 42. fxe3 Rb7 43. Kh2 Bc4 44. a3 Bd5 45. Kg3 Bxf3 46. Kxf3 Rd7 0-1

[Event "Jastrzebie Zdroj op"]
[Site "Jastrzebie Zdroj"]
[Date "2019.08.15"]
[Round "4"]
[White "Bala, Bartosz"]
[Black "Kotowicz, Kamil"]
[Result "0-1"]
[WhiteElo "1093"]
[BlackElo "1498"]
[PlyCount "118"]
[EventDate "2019.08.12"]
[EventType "swiss"]
[EventRounds "9"]
[EventCountry "POL"]
[SourceTitle "CBM 191 Extra"]
[Source "ChessBase"]
[SourceDate "2019.09.30"]
[SourceVersion "1"]
[SourceVersionDate "2019.09.30"]
[SourceQuality "1"]

1. e4 c6 2. d4 d5 3. Nc3 dxe4 4. Nxe4 Bf5 5. Ng3 Bg6 6. h4 h6 7. Nf3 Nd7 8. h5 Bh7 9. Bd3 Bxd3 10. Qxd3 Qc7 11. c3 e6 12. Bd2 Ngf6 13. 0-0-0 Bd6 14. Ne4 Nxe4 15. Qxe4 Nf6 16. Qe2 0-0-0 17. Be3 Bf4 18. Kb1 Rhf8 19. Qd2 Bxe3 20. Qxe3 Ng4 21. Qe2 Qf4 22. g3 Qf5+ 23. Kc1 Rfe8 24. Rde1 Rd5 25. Ne5 Nxe5 26. dxe5 Red8 27. f4 Qd3 28. Qxd3 Rxd3 29. Rhg1 Rd2 30. Rh1 Rg2 31. Reg1 Rdd2 32. Rxg2 Rxg2 33. Rh3 Kc7 34. a3 Kb6 35. Kb1 Ka5 36. Ka2 Ka4 37. c4 a6 38. Kb1 b5 39. cxb5 axb5 40. Kc1 c5 41. Kb1 c4 42. Kc1 Ka5 43. Kb1 Kb6 44. Kc1 Ka6 45. Kb1 Ka5 46. Kc1 Ka4 47. Kb1 c3 48. bxc3 Kb3 49. Kc1 Rc2+ 50. Kb1 Rxc3 51. f5 exf5 52. Rh4 Kxa3 53. Rf4 Rxg3 54. Rxf5 Kb3 55. Kc1 Kc3 56. Kb1 b4 57. Rxf7 Rg1+ 58. Ka2 b3+ 59. Ka3 Ra1# 0-1

[Event "Jastrzebie Zdroj op"]
[Site "Jastrzebie Zdroj"]
[Date "2019.08.12"]
[Round "1"]
[White "Kotowicz, Kamil"]
[Black "Tymrakiewicz, Rafal"]
[Result "0-1"]
[WhiteElo "1498"]
[BlackElo "2226"]
[PlyCount "76"]
[EventDate "2019.08.12"]
[EventType "swiss"]
[EventRounds "9"]
[EventCountry "POL"]
[SourceTitle "CBM 191 Extra"]
[Source "ChessBase"]
[SourceDate "2019.09.30"]
[SourceVersion "1"]
[SourceVersionDate "2019.09.30"]
[SourceQuality "1"]

1. d4 c5 2. d5 g6 3. c4 e5 4. Nc3 d6 5. e4 Nd7 6. Nf3 Bg7 7. Be2 Ne7 8. 0-0 0-0 9. Bg5 h6 10. Bd2 f5 11. Qc1 Kh7 12. Qc2 Nf6 13. Bd3 f4 14. Be2 g5 15. Be1 Ng6 16. Nd2 Rg8 17. f3 h5 18. a3 Bh6 19. b4 b6 20. bxc5 bxc5 21. Kh1 g4 22. fxg4 hxg4 23. Qd1 Bg5 24. Rg1 Qf8 25. Rb1 Rh8 26. g3 Kg8 27. Nf1 f3 28. Bxf3 gxf3 29. Qxf3 Bg4 30. Qf2 Nxe4 31. Nxe4 Bf3+ 32. Rg2 Bxe4 33. Rb3 Qxf2 34. Bxf2 Rh7 35. h4 Rf8 36. Kg1 Bxg2 37. Kxg2 Rhf7 38. Rb2 Bc1 0-1